000 00793nam a2200205 a 4500
003 0
005 20250619153428.0
008 021121s19uu xx 00 eng d
010 _a-
050 _aPHS LB 1049.5
_b.P47 2000
100 _aPerreras, Duanne Paulo Abrogar.
245 4 _aStudy on study habits and time management of Southville International high school students for school year 1999-2000 /
_cDuanne Paulo Abrogar Perreras.
260 _aLas PiƱas City, Philippines :
_bSouthville International School and Colleges,
_c2000.
300 _a52 pages :
_billustrations ;
_c28 cm.
504 _aIncludes bibliographical references.
650 _aStudy skills
_zPhilippines.
650 _aTime management
_zPhilippines.
650 _aStudent behavior
_zPhilippines.
942 _2lcc
_cPASS
999 _c96340
_d96340